Word Ladder: Superhero Hometowns Quiz Stats

 Plays Quiz Updated Jul 27, 2019

Score 0/34 Timer 04:00
0 Plays Today
Clue Word % Correct
3-Letter Ladder⚫ GOT ⚫
96.3%
3-Letter LadderPET
96.3%
3-Letter Ladder⚫ HAM ⚫
95.6%
3-Letter LadderPOT
95.3%
3-Letter LadderHIM
94.9%
3-Letter LadderFAN
94.8%
3-Letter LadderPEW
94.8%
3-Letter LadderFAT
94.7%
3-Letter LadderDEW
94.6%
3-Letter LadderDAN
94.3%
3-Letter LadderFIT
94.3%
3-Letter LadderDEN
93.8%
3-Letter LadderHIP
92.5%
5-Letter LadderSMELL
91%
3-Letter LadderTIP
89.6%
5-Letter Ladder🔴 SMALL 🔴
88.3%
3-Letter LadderKIN
87.5%
Clue Word % Correct
3-Letter LadderKIT
86.9%
3-Letter LadderTIN
86.8%
5-Letter Ladder🔴 VILLE 🔴
84.2%
5-Letter LadderVILLA
83.1%
5-Letter LadderDAILY
82.7%
5-Letter LadderDRILL
81.4%
5-Letter LadderSILLY
80.1%
5-Letter LadderDALLY
78.8%
5-Letter LadderSWELL
77.2%
5-Letter LadderDOILY
77.1%
5-Letter LadderSALLY
76.9%
5-Letter LadderDO ILL
74.7%
5-Letter LadderNILLY
72.7%
5-Letter LadderNILLA
72.1%
5-Letter LadderSWILL
70.8%
5-Letter LadderTRILL
70.5%
5-Letter LadderTWILL
66.7%

Today's Daily Dose

Missing Word
Celine Dion

Word Ladder
Dr. Seuss Books

Quick Pick
Cities in India

Get the Picture
'A' Actresses

You're not logged in!

Compare scores with friends on all Sporcle quizzes.
OR
Log In

Sporcle TV

Today on Sporcle TV


Watch our educational content, quiz creation guides, and fun videos on Sporcle TV.

Show Comments

Extras

Top Quizzes Today


Score Distribution

Your Account Isn't Verified!

In order to create a playlist on Sporcle, you need to verify the email address you used during registration. Go to your Sporcle Settings to finish the process.

Report this User

Report this user for behavior that violates our Community Guidelines.

Details: